| 000 | 00374nam a22001577a 4500 | ||
|---|---|---|---|
| 005 | 20260209142136.0 | ||
| 008 | 260209b |||||||| |||| 00| 0 eng d | ||
| 020 | _a9788170088530 | ||
| 100 | _aArora, K. R | ||
| 245 | _aSURVEYING | ||
| 250 | _a13th | ||
| 260 |
_aNai-Sarak _bPVT Rayson Publication Ltd. |
||
| 300 |
_axiii,681p. _billus |
||
| 650 | _aSurveying | ||
| 942 | _cBK | ||
| 999 |
_c4521 _d4521 |
||